[Event "COL-ch sf3 U16"]
[Site "Moniquira"]
[Date "2019.05.24"]
[Round "3.11"]
[White "Bejarano Lopez, Andres Felipe"]
[Black "Olier Robayo, Mishelle Dayana"]
[Result "0-1"]
[WhiteElo "1552"]
[BlackElo "1425"]
[PlyCount "89"]
[EventDate "2019.05.23"]
[EventType "swiss"]
[EventRounds "6"]
[EventCountry "COL"]
[SourceTitle "EXT 2024"]
[Source "ChessBase"]
[SourceDate "2023.10.10"]
[SourceVersion "1"]
[SourceVersionDate "2023.10.10"]
[SourceQuality "1"]

1. Nf3 d5 2. e3 e6 3. Be2 f5 4. b3 Nd7 5. Bb2 Ngf6 6. c4 c6 7. Ne5 Bd6 8. d4 Bxe5 9. dxe5 Ne4 10. Bh5+ g6 11. Be2 dxc4 12. Bxc4 Qa5+ 13. Ke2 Nb6 14. f3 Nxc4 15. bxc4 Ng5 16. Nd2 Nf7 17. f4 c5 18. Qc2 Qc7 19. e4 Bd7 20. exf5 gxf5 21. g3 Bc6 22. Rhd1 Rd8 23. Nb3 Be4 24. Rxd8+ Qxd8 25. Qd2 Qxd2+ 26. Kxd2 b6 27. a4 Ke7 28. Ke3 Rd8 29. Nd2 Bc6 30. a5 Ra8 31. axb6 axb6 32. Rb1 Ra6 33. Bc3 Nh6 34. Kf2 Ng4+ 35. Kg1 Nh6 36. h3 Kf7 37. Nf1 Ke7 38. Nh2 Be4 39. Rb2 Bd3 40. g4 Bxc4 41. gxf5 Nxf5 42. Ng4 Ra1+ 43. Kf2 Ra2 44. Nf6 Rxb2+ 45. Bxb2 0-1